|
|
|
|
| LEADER |
00000nam0a2200000 4500 |
| 001 |
200759 |
| 005 |
20231031184809.0 |
| 010 |
|
|
|a 5838000473
|
| 035 |
|
|
|a (RuTPU)RU\TPU\book\218841
|
| 090 |
|
|
|a 200759
|
| 100 |
|
|
|a 20110914d1990 m y0rusy50 ca
|
| 101 |
0 |
|
|a rus
|
| 102 |
|
|
|a KZ
|
| 105 |
|
|
|a y z 001zy
|
| 200 |
1 |
|
|a Гидрогеологические и инженерно-геологические условия формирования подземных вод Казахстана
|e межвузовский сборник научных трудов
|f Казахский политехнический институт (КазПТИ) ; под ред. С. Ж. Жапарханова
|
| 210 |
|
|
|a Алма-Ата
|d 1990
|
| 215 |
|
|
|a 94 с.
|c ил.
|
| 320 |
|
|
|a Библиогр. в конце ст.
|
| 610 |
1 |
|
|a подземные воды
|
| 610 |
1 |
|
|a Казахстан
|
| 610 |
1 |
|
|a гидрогеология
|
| 610 |
1 |
|
|a формирование
|
| 610 |
1 |
|
|a инженерно-геологические изыскания
|
| 675 |
|
|
|a 556.3(574)
|v 3
|
| 702 |
|
1 |
|a Жапарханов
|b С. Ж.
|4 340
|
| 712 |
0 |
2 |
|a Казахский политехнический институт (КазПТИ)
|c (1960-1994)
|c (Алма-Ата)
|2 stltpush
|3 (RuTPU)RU\TPU\col\316
|
| 801 |
|
1 |
|a RU
|b 63413507
|c 20110914
|
| 801 |
|
2 |
|a RU
|b 63413507
|c 20110916
|g RCR
|
| 942 |
|
|
|c BK
|